LEADER 01098nam0-2200397---450 001 990005657360203316 005 20190403124948.0 035 $a000565736 035 $aUSA01000565736 035 $a(ALEPH)000565736USA01 035 $a000565736 100 $a20041110d1987----|||y0itaa50------ba 101 $afre 102 $afr 105 $a0 00||| 200 1 $a<> age libertin$fClaude Reichler 210 $aParis$cLes editions de Minuit$dcopyr. 1987 215 $a134 p.$d22 cm. 225 2 $aCritique$e[collection] dirigee par Jean Piel 410 0$12001$aCritique 606 $aLibertinismo$2F 620 $dPARIS 676 $a149.7 700 1$aREICHLER,$bClaude$0131132 801 0$aIT$bSA$c20111219 912 $a990005657360203316 950 0$aDipar.to di Filosofia - Salerno$dDFCC 149.7 REI$e2628 FIL 951 $aCC 149.7 REI$b2628 FIL 951 $aCC 149.7 REI$b2984 FIL 959 $aBK 969 $aFIL 979 $c20121027$lUSA01$h1525 979 $c20121027$lUSA01$h1615 996 $aAge libertin$91135100 997 $aUNISA NUM $aSA0012050 LEADER 01209nam a2200289 i 4500 001 991000447959707536 005 20020506130557.0 008 010315s1953 it ||| | lat 035 $ab10701709-39ule_inst 035 $aEXGIL145660$9ExL 040 $aBiblioteca Interfacoltà$bita 082 0 $a782.322 100 1 $aVecchi, Giuseppe$0191785 245 10$aUffici drammatici padovani /$cGiuseppe Vecchi 260 $aFirenze :$bOlschki,$c1954 300 $a257 p. :$bill. ;$c26 cm. 490 0 $aBiblioteca dell'Archivum Romanicum. Ser. 1, Storia, letteratura, paleografia ;$v41 490 0 $aBiblioteca dell'Archivum Romanicum. Ser. 1, Storia, letteratura, paleografia. A, Testi latini ;$v2 650 4$aCanti gregoriani 907 $a.b10701709$b23-02-17$c28-06-02 912 $a991000447959707536 945 $aLE002 782.322 VEC 945 $aLE002 Filol. I A 6$g1$i2002000284761$lle002$o-$pE0.00$q-$rl$s- $t0$u0$v0$w0$x0$y.i10796976$z28-06-02 945 $aLE009 STOR.12.1-143$g1$i2009000153738$lle009$o-$pE0.00$q-$rl$s- $t0$u0$v0$w0$x0$y.i13064460$z26-01-04 996 $aUffici drammatici padovani$9535816 997 $aUNISALENTO 998 $ale002$ale009$b01-01-01$cm$da $e-$flat$git $h0$i1